00418pab a2200145 454500008004000000100001800040245011600058260000900174300000900183362001100192650001400203650001500217650002500232773001500257180718b2005 xxu||||| |||| 00| 0 eng d aDogra, Bharat aPassage of Right to Information Bill in Parliament: strengthening democracy and the struggle against corruption c2005 ap.4. a21 May aDemocracy aCorruption aRight to information aMainstream